Frage ergibt neue Frage - eine geografische Reise - Statistiken

Allgemein
  • Dieses Quiz wurde 151 mal gespielt
  • Das Durchschnittsergebnis liegt bei 19 aus 23
Antwortstatistiken
Hint Antwort % Korrekt
In welcher Stadt steht der höchste Wolkenkratzer von Deutschland Frankfurt am Main
99%
An welches Land grenzt ^ im Westen Frankreich
96%
Welcher Fluss fließt durch ^ Main
96%
Von welchem Fluss ist ^ ein Nebenfluss Rhein
96%
In welchem Land befindet sich das Quellgebiet von ^ Schweiz
95%
In welchem Nachbarland setzen sich die ^ fort Spanien
90%
In welches kleine Land kommt man, wenn man von ^ knappe 200 km direkt nach Süden fährt Andorra
88%
Von welchem Ozean ist ^ ein Nebenmeer Atlantik
87%
An welchem Meer liegt ^ Mittelmeer
86%
Wenn man von ^ 45 Minuten in südlicher Richtung fliegtkommt man auf welcher Insel an Mallorca
85%
Nachdem man diese Straße ^ durchfahren hat, gelangt man in nordwestlicher Richtung in welches europäische Land Portugal
85%
Wie heißt die Hauptstadt dieser ^ Region Barcelona
84%
von diesem Ort ^ fliegen wir wieder 2 Stunden nach Norden und landen in einem grünen Inselstaat Irland
81%
Wie heißt die Hauptstadt dieser Insel ^ Palma de Mallorca
81%
Nachdem wir genug vom Bier dort ^ getrunken haben, beschließen wir nach Hause zu fliegen. Wir landen in der Stadt von Frage Nr. 1 und sind damit in welchem deutschenBundesland Hessen
79%
In welcher Region dieses Nachbarlandes ^ kommen wir an Katalonien
79%
In welchem Gebirge liegt ^ Pyrenäen
79%
Wenn man von ^ wieder 45 Minuten weiter südlich fliegt,kommt man in welcher afrikanischen Hauptstadt an Algier
76%
Im Norden dieses Landes ^ liegt eine Stadt am Meer nachder ein Wein benannt ist Porto
76%
In der Hauptstadt des Landes ^ besuchen wir die berühmte Brauerei dort Dublin
75%
Wie heißt die Verbindungsstrasse zum ^ Straße von Gibraltar
74%
Welche Stadt in ^ trägt den Spitznamen "La Ville Rose" Toulouse
52%
Von dieser ^ Stadt weiter in nördlicher Richtung kommt man ins Nachbarland in den Ort, an dem der spanische Jakobsweg endet Santiago de Compostella
49%
Keine übereinstimmenden Quizze gefunden
Verteilung der Resultate
Anzahl Personen mit jedem Resultat
Perzentil nach korrekt beantworteten Fragen
Ihre Resultats-Entwicklung
Sie haben dieses Quiz noch nicht gespielt